01244cam a2200289 4500001002700000003000700027005001700034007000700051008004100058010001700099040002800116035001800144043001200162050001600174082001400190100002100204245007300225260006600298300003300364651002700397856010000424856010000524942000700624506015000631506015400781999001900935thisispainteddes00wagorichCaSfIA20210119102527.0cr||||711027s1971 azua 000 0 eng  a 76157463  aDLCcDLCdBTCTAdCaSfIA a(OCoLC)199971 an-us-az00aF817.P2bW300a917.91/331 aWagoner, John J.10aThis is painted desert,h[electronic resource] cby John J. Wagoner. aHolbrook, Ariz.,bPetrified Forest Museum Associationc[1971] a[32] p.bcol. illus.c31 cm. 0aPainted Desert (Ariz.)41uhttp://www.archive.org/details/thisispainteddes00wagorichzFree eBook from the Internet Archive42uhttp://www.openlibrary.org/books/OL4917504MzAdditional information and access via Open Library cEB fНеобхідна авторизація на https://archive.org/ (створення облікового запису безкоштовно) fНеобхідна авторизація на https://openlibrary.org/ (створення облікового запису безкоштовно) c556982d556982